000 00358 a2200157 4500
001 76230
020 _a9788538036159
040 _cAnchieta - Colégio São Paulo
100 _aValls, Xavier
240 1 0 _aO grande livro do medo
_lpor
245 1 0 _aO grande livro do medo
300 _a108
362 0 _a2012
650 4 _aLiteratura juvenil
942 _cBK
999 _c76230
_d76230